Loreto College Library, Kolkata
WEBOPAC (ONLINE PUBLIC ACCESS CATALOGUE)

Dates of American history (1497 - 1914) (Record no. 29028)

MARC details
000 -LEADER
fixed length control field 00447nam a2200169Ia 4500
008 - FIXED-LENGTH DATA ELEMENTS--GENERAL INFORMATION
fixed length control field 131103s9999 xx 000 0 und d
040 ## - CATALOGING SOURCE
Original cataloging agency Loreto College
041 ## - LANGUAGE CODE
Language code English
082 ## - DDC | ডিউই
Classification number | বর্গসংখ্যা 973/DAT
Book Number | গ্রন্থাঙ্ক LCBED/4338
245 ## - TITLE STATEMENT | অাখ্যা বিবরণী
Title | অাখ্যা Dates of American history (1497 - 1914)
260 ## - IMPRINT | প্রকাশনা ক্ষেত্র
Place of publication | প্রকাশ স্থান [s.l.]
Name of publisher | প্রকাশকের নাম [s.n.]
Date of publication | প্রকাশ কাল [19?]
300 ## - PHYSICAL DESCRIPTION |
Page / Vol. No | পৃষ্ঠা / খন্ড সংখ্যা 220p.
Other physical details | অনান্য বাহ্যিক বিবরণ ill.
650 ## - SUBJECT ADDED ENTRY--TOPICAL TERM | বিষয় শিরোনাম - মূল বিষয়
Topical term | মূল বিষয় History - America
651 ## - SUBJECT ADDED ENTRY--GEOGRAPHIC NAME | বিষয় শিরোনাম - ভৌগলিক নাম
Geographic name | ভৌগলিক বিষয় America - History
850 ## - HOLDING INSTITUTION
Holding institution LCBED/973/DAT
942 ## - ADDED ENTRY ELEMENTS (KOHA)
Koha item type Books
Holdings
Withdrawn status Lost status Damaged status Not for loan Home library Current library Date acquired Total Checkouts Full call number Accession No. Date last seen Price effective from Koha item type
        Loreto College Loreto College 04/11/2013   973/DAT LCBED/4338 B31875 04/11/2013 04/11/2013 Books